00211nam a2200097Ia 4500008004100000100001700041245002200058260000900080942000700089999001700096190216s9999||||xx |||||||||||||| ||und|| aEdinorishore 0aJapan Annum Innum bNull cBK c24991d24991